[Event "WchT Seniors 65"]
[Site "Radebeul"]
[Date "2016.07.03"]
[Round "8.11"]
[White "Issler, Christian"]
[Black "Bocionek, Dieter"]
[Result "1/2-1/2"]
[WhiteElo "2078"]
[BlackElo "1956"]
[PlyCount "54"]
[EventDate "2016.06.26"]
[EventType "team-swiss"]
[EventRounds "9"]
[EventCountry "GER"]
[SourceTitle "CBM 173 Extra"]
[Source "ChessBase"]
[SourceDate "2016.08.29"]
[SourceVersion "1"]
[SourceVersionDate "2016.08.29"]
[SourceQuality "1"]
[WhiteTeam "Switzerland"]
[BlackTeam "Sachsen Anhalt"]
[WhiteTeamCountry "SUI"]
[BlackTeamCountry "GER"]

1. d4 d5 2. Bf4 Nf6 3. e3 e6 4. Bd3 Bd6 5. Bg3 c5 6. c3 Nc6 7. Bxd6 Qxd6 8. f4 cxd4 9. cxd4 Qb4+ 10. Qd2 Qxd2+ 11. Nxd2 Nb4 12. Bb1 Ng4 13. a3 Nc6 14. Ke2 Bd7 15. Bd3 Rc8 16. Ngf3 Na5 17. h3 Nf6 18. Rac1 Ke7 19. Ne5 Ba4 20. b4 Nb3 21. Nxb3 Bxb3 22. Kd2 Nd7 23. Nxd7 Kxd7 24. Rc5 b6 25. Bb5+ Kd6 26. Rc3 Rxc3 27. Kxc3 Bc4 1/2-1/2

[Event "Zuerich op-A 35th"]
[Site "Zuerich"]
[Date "2011.12.26"]
[Round "1"]
[White "Miezis, Normunds"]
[Black "Issler, Christian"]
[Result "1-0"]
[WhiteElo "2547"]
[BlackElo "2120"]
[PlyCount "59"]
[EventDate "2011.12.26"]
[EventType "swiss"]
[EventRounds "7"]
[EventCountry "SUI"]
[SourceTitle "CBM 146 Extra"]
[Source "ChessBase"]
[SourceDate "2012.02.29"]
[SourceVersion "1"]
[SourceVersionDate "2012.02.29"]
[SourceQuality "1"]

1. c4 e5 2. Nc3 Bb4 3. g3 Nc6 4. Nd5 Be7 5. Bg2 d6 6. e3 Nf6 7. Ne2 0-0 8. 0-0 Be6 9. d4 Bxd5 10. cxd5 Nb8 11. dxe5 dxe5 12. d6 Bxd6 13. Bxb7 Nbd7 14. Bxa8 Qxa8 15. f3 Nb6 16. e4 Qc6 17. Kg2 a5 18. Qd3 Rb8 19. b3 Nfd7 20. Be3 a4 21. Rfc1 Qb7 22. Rab1 Ba3 23. Rd1 Qc6 24. bxa4 Qxa4 25. Nc3 Qc6 26. Nd5 Bd6 27. Rdc1 Qa8 28. Nxb6 Nxb6 29. Bxb6 Qxa2+ 30. Bf2 1-0

[Event "Zuerich op-A 34th"]
[Site "Zuerich"]
[Date "2010.12.29"]
[Round "5"]
[White "Issler, Christian"]
[Black "Aeschbach, Philipp"]
[Result "0-1"]
[WhiteElo "2114"]
[BlackElo "1964"]
[PlyCount "168"]
[EventDate "2010.12.26"]
[EventType "swiss"]
[EventRounds "7"]
[EventCountry "SUI"]
[SourceTitle "CBM 140 Extra"]
[Source "ChessBase"]
[SourceDate "2011.03.01"]
[SourceVersion "1"]
[SourceVersionDate "2011.03.01"]
[SourceQuality "1"]

1. d4 d5 2. Nf3 Nf6 3. Bg5 Ne4 4. Bf4 c5 5. c3 Nc6 6. e3 Qb6 7. Qb3 c4 8. Qxb6 axb6 9. Nbd2 Bf5 10. Nxe4 Bxe4 11. Nd2 Bg6 12. Be2 f6 13. 0-0 e5 14. Bg3 b5 15. a3 Be7 16. dxe5 fxe5 17. Nf3 Bf6 18. Rad1 Rd8 19. Rd2 0-0 20. Rfd1 Be4 21. h4 Na5 22. Nxe5 Nb3 23. Bg4 Bxe5 24. Bxe5 Nxd2 25. Rxd2 Bf5 26. Bf3 Be6 27. Bc7 Rd7 28. Ba5 g6 29. Bb6 h6 30. Bc5 Rc8 31. Bd4 g5 32. hxg5 hxg5 33. g3 Rf8 34. Bg2 Rff7 35. Be5 Kh7 36. Bd4 Bg4 37. Bc5 Bf3 38. Bxf3 Rxf3 39. Kg2 g4 40. Bd4 Kg6 41. Be5 Rff7 42. Bf4 Kf5 43. Rd4 Rh7 44. Bb8 Rd8 45. Rf4+ Ke6 46. Ba7 Rg8 47. Bd4 Rf7 48. Rxf7 Kxf7 49. f3 Ke6 50. fxg4 Rxg4 51. Kf3 Kf5 52. Bc5 Rg7 53. Bd6 Rh7 54. g4+ Ke6 55. Bb4 Rh2 56. e4 Rxb2 57. exd5+ Kxd5 58. Kf4 Ke6 59. Kg5 Kf7 60. Kf5 Rf2+ 61. Ke5 Rd2 62. Bc5 Kg6 63. Bd4 Rd3 64. Kd5 Kg5 65. Kc5 Kxg4 66. Bh8 Rh3 67. Bd4 Rh5+ 68. Kb6 Kf3 69. Bc5 Ke4 70. Kxb5 Kd3 71. Kb4 Rxc5 72. Kxc5 Kxc3 73. a4 Kb3 74. a5 c3 75. Kb6 c2 76. Kxb7 c1Q 77. a6 Qh1+ 78. Kb8 Qh8+ 79. Kb7 Qg7+ 80. Kb8 Qf8+ 81. Kb7 Qe7+ 82. Kb8 Qd8+ 83. Kb7 Qd7+ 84. Kb8 Qb5+ 0-1

[Event "Martin Christoffel mem Gold corr"]
[Site "Switzerland"]
[Date "2003.06.03"]
[Round "?"]
[White "Issler, Christian"]
[Black "Casabona, Claudio"]
[Result "1/2-1/2"]
[WhiteElo "2587"]
[BlackElo "2578"]
[PlyCount "79"]
[EventDate "2002.06.01"]
[EventType "tourn (corr)"]
[EventRounds "8"]
[EventCountry "SUI"]
[SourceTitle "Corr 2006"]
[Source "ChessBase"]
[SourceDate "2006.04.01"]
[SourceVersion "3"]
[SourceVersionDate "2006.04.01"]
[SourceQuality "1"]

1. d4 Nf6 2. Nf3 g6 3. Bg5 Bg7 4. Nbd2 d5 5. e3 0-0 6. Be2 Nbd7 7. 0-0 c5 8. c3 b6 9. b4 Bb7 10. bxc5 bxc5 11. Qa4 Ne4 12. Nxe4 dxe4 13. Nd2 Nb6 14. Qb5 h6 15. Bh4 cxd4 16. cxd4 g5 17. Bg3 f5 18. a4 f4 19. a5 fxg3 20. hxg3 Rf6 21. axb6 Rxb6 22. Qf5 e6 23. Qg4 Bd5 24. Nxe4 h5 25. Qf3 g4 26. Qf4 Qe7 27. Bd3 Rb3 28. Bb1 Rf8 29. Qg5 Qxg5 30. Nxg5 Bh6 31. e4 Bc4 32. Rc1 Rc8 33. Ra5 Rbb8 34. Kh2 Bb3 35. Rcc5 Rxc5 36. Rxc5 e5 37. Rxe5 Bg7 38. Rf5 Bxd4 39. Bd3 Kg7 40. f4 1/2-1/2

[Event "SSKK Bulletinen40 corr"]
[Site "Sweden"]
[Date "1994.??.??"]
[Round "?"]
[White "Busemann, Stephan"]
[Black "Issler, Christian"]
[Result "1-0"]
[WhiteElo "2540"]
[BlackElo "2515"]
[PlyCount "93"]
[EventDate "1994.??.??"]
[EventType "tourn (corr)"]
[EventRounds "14"]
[EventCountry "SWE"]
[SourceTitle "Corr 2000"]
[Source "ChessBase"]
[SourceDate "2000.04.19"]
[SourceVersion "1"]
[SourceVersionDate "2000.04.19"]
[SourceQuality "1"]

1. e4 e6 2. d4 d5 3. Nc3 Bb4 4. e5 c5 5. a3 Ba5 6. b4 cxd4 7. Qg4 Ne7 8. Nb5 Bc7 9. Qxg7 Rg8 10. Qxh7 a6 11. Nxc7+ Qxc7 12. Ne2 Bd7 13. Bb2 a5 14. f4 axb4 15. axb4 Rxa1+ 16. Bxa1 Nbc6 17. Nxd4 Qb6 18. Qd3 Qxb4+ 19. Bc3 Qa3 20. g3 Nf5 21. Nxf5 exf5 22. Kd2 Qc5 23. Be2 Kd8 24. Ra1 Kc7 25. Ra4 Be6 26. Bd4 Nxd4 27. Qxd4 Qxd4+ 28. Rxd4 Ra8 29. Ke3 Ra1 30. h4 Rg1 31. Kf2 Rc1 32. Bd1 Kc6 33. h5 Kc5 34. Rd2 Ra1 35. h6 Ra8 36. Ke1 Rh8 37. Rh2 Kd4 38. Kd2 Ke4 39. h7 d4 40. Rf2 Kd5 41. Bf3+ Kc5 42. Rh2 b6 43. Rh5 Kc4 44. Be2+ Kd5 45. Bd3 Bd7 46. g4 fxg4 47. Rg5 1-0

[Event "SSKK Bulletinen40 corr"]
[Site "Sweden"]
[Date "1994.??.??"]
[Round "?"]
[White "Issler, Christian"]
[Black "Johnson, Maurice W"]
[Result "0-1"]
[WhiteElo "2515"]
[BlackElo "2560"]
[PlyCount "74"]
[EventDate "1994.??.??"]
[EventType "tourn (corr)"]
[EventRounds "14"]
[EventCountry "SWE"]
[SourceTitle "Corr 2000"]
[Source "ChessBase"]
[SourceDate "2000.04.19"]
[SourceVersion "1"]
[SourceVersionDate "2000.04.19"]
[SourceQuality "1"]

1. Nf3 f5 2. d4 Nf6 3. Bg5 Ne4 4. h4 c5 5. d5 Qb6 6. Nbd2 Qxb2 7. Nxe4 fxe4 8. Nd2 d6 9. e3 g6 10. Rb1 Qxa2 11. Bc4 Qa5 12. 0-0 Nd7 13. Nxe4 a6 14. h5 b5 15. Be2 Ne5 16. Bf4 Bg7 17. Bxe5 Bxe5 18. Bg4 Bf5 19. Bxf5 gxf5 20. Ng5 Qa4 21. f4 Bf6 22. Ne6 Qc4 23. e4 Qxe4 24. Re1 Qc4 25. h6 Kd7 26. Qh5 Qxd5 27. Rbd1 Bd4+ 28. Kh2 Rhg8 29. Ng5 b4 30. Re2 Rg6 31. Nxh7 Rg4 32. Rde1 Rag8 33. Ng5 R8xg5 34. fxg5 Be5+ 35. Kh1 Qd4 36. g3 Qd5+ 37. Kg1 Qf3 0-1

[Event "SSKK Bulletinen40 corr"]
[Site "Sweden"]
[Date "1994.??.??"]
[Round "?"]
[White "Issler, Christian"]
[Black "Soltau, Achim"]
[Result "1/2-1/2"]
[WhiteElo "2515"]
[BlackElo "2540"]
[PlyCount "72"]
[EventDate "1994.??.??"]
[EventType "tourn (corr)"]
[EventRounds "14"]
[EventCountry "SWE"]
[SourceTitle "Corr 2000"]
[Source "ChessBase"]
[SourceDate "2000.04.19"]
[SourceVersion "1"]
[SourceVersionDate "2000.04.19"]
[SourceQuality "1"]

1. Nf3 Nf6 2. d4 g6 3. Bg5 Bg7 4. Nbd2 c5 5. dxc5 Na6 6. Be3 Qc7 7. Nb3 Ne4 8. Qd5 f5 9. c3 e6 10. Qd1 Naxc5 11. Nxc5 Nxc5 12. Bd4 e5 13. Bxc5 Qxc5 14. Qb3 e4 15. Ng5 Qe7 16. Nh3 b6 17. e3 Bb7 18. Nf4 Qc5 19. Bb5 0-0-0 20. 0-0-0 Rhe8 21. Qa4 Re7 22. Ba6 Bxa6 23. Qxa6+ Kb8 24. Rd2 Bxc3 25. Rc2 Qa5 26. Qxa5 Bxa5 27. Nd5 Re5 28. Rd1 b5 29. b4 Bb6 30. Nxb6 axb6 31. Rd6 Kb7 32. Kb2 Re6 33. Rd5 d6 34. Rxb5 Re5 35. Rxe5 dxe5 36. h4 h6 1/2-1/2

[Event "SSKK Bulletinen40 corr"]
[Site "Sweden"]
[Date "1994.??.??"]
[Round "?"]
[White "Issler, Christian"]
[Black "Zagorovsky, Vladimir Pavlovich"]
[Result "1-0"]
[WhiteElo "2515"]
[BlackElo "2565"]
[PlyCount "21"]
[EventDate "1994.??.??"]
[EventType "tourn (corr)"]
[EventRounds "14"]
[EventCountry "SWE"]
[SourceTitle "Corr 2000"]
[Source "ChessBase"]
[SourceDate "2000.04.19"]
[SourceVersion "1"]
[SourceVersionDate "2000.04.19"]
[SourceQuality "1"]

1. Nf3 d5 2. g3 c6 3. Bg2 g6 4. c4 Bg7 5. cxd5 cxd5 6. d4 Nc6 7. 0-0 Nf6 8. Nc3 0-0 9. Ne5 e6 10. Nxc6 bxc6 11. Na4 1-0

[Event "SSKK Bulletinen40 corr"]
[Site "Sweden"]
[Date "1994.??.??"]
[Round "?"]
[White "Olafsson, Hannes"]
[Black "Issler, Christian"]
[Result "0-1"]
[WhiteElo "2545"]
[BlackElo "2515"]
[PlyCount "134"]
[EventDate "1994.??.??"]
[EventType "tourn (corr)"]
[EventRounds "14"]
[EventCountry "SWE"]
[SourceTitle "Corr 2000"]
[Source "ChessBase"]
[SourceDate "2000.04.19"]
[SourceVersion "1"]
[SourceVersionDate "2000.04.19"]
[SourceQuality "1"]

1. e4 e6 2. d4 d5 3. Nd2 c5 4. Ngf3 cxd4 5. exd5 Qxd5 6. Bc4 Qd6 7. 0-0 Nf6 8. Nb3 Nc6 9. Nbxd4 Nxd4 10. Nxd4 Bd7 11. c3 Qc7 12. Qe2 Bd6 13. Nb5 Bxb5 14. Bxb5+ Ke7 15. g3 Rhd8 16. Re1 a5 17. a4 Bc5 18. Qf3 Qb6 19. Bg5 h6 20. Bxf6+ gxf6 21. Re2 Rd6 22. Kg2 Rad8 23. Rae1 Rd5 24. Re4 f5 25. R4e2 Kf8 26. Qf4 Kg7 27. Bc4 R5d6 28. h4 Qc6+ 29. f3 Bb6 30. Bb3 Rg8 31. Qe5+ Kh7 32. Qb5 Bc7 33. Qxc6 Rxc6 34. g4 fxg4 35. Rd1 gxf3+ 36. Kxf3 Rg3+ 37. Kf2 Rh3 38. Rd7 Kg8 39. Bc2 Rxh4 40. Be4 Rc4 41. Bd3 Bb6+ 42. Ke1 Rc7 43. Rd8+ Kg7 44. Rg2+ Kf6 45. Rh8 Be3 46. Bb5 Bg5 47. Ke2 Rh3 48. Ra8 b6 49. Rb8 Be3 50. Rbg8 Rc5 51. R8g3 Rxg3 52. Rxg3 Bf4 53. Rg8 Rg5 54. Ra8 h5 55. b4 axb4 56. cxb4 h4 57. Bc6 h3 58. a5 bxa5 59. Rxa5 h2 60. Rxg5 Kxg5 61. b5 f5 62. b6 e5 63. Kf2 e4 64. Kg2 Kf6 65. b7 Ke6 66. Be8 Kd5 67. Bg6 e3 0-1